000
00276nam a22001337a 4500
020
_a
1-40541-537-1
082
_a
030
_b
HIB/M
100
_a
HIBBERT,ADAM
245
_a
MIGHTY MACHINES
260
_a
UK
_b
PARAGON
300
_a
256
650
_a
GENERAL KNOWLEDGE
_z
UK
942
_c
BK
999
_c
3095
_d
3095